| 000 | 00544nam a2200169Ia 4500 | ||
|---|---|---|---|
| 003 | GCL | ||
| 008 | 140319s9999 xx 000 0 ara d | ||
| 040 |
_aGCL / _cGCL |
||
| 082 | 0 | 4 |
_a214.9 _bخ ت |
| 100 | 1 | _aخالد زيادة | |
| 245 | 1 | 0 |
_aتطور النظرة الاسلامية الى اوروبا / _cخالد زيادة |
| 260 |
_a[S.N] : _bمعهد الانتماء العربى ، _c1983 |
||
| 300 | _a263 ص | ||
| 490 |
_aالدراسات الاسلامية _v0 |
||
| 650 | 0 | 4 | _aالاسلام فى اوروبا |
| 942 |
_2ddc _cBK |
||
| 999 |
_c52646 _d52646 |
||